00377nam a2200121 i 4500001000300000100003500003245004100038260002100079040000800100041000800108008004100116856009800157bg1 aJakubowicz, Andrzejd(1937- ). 0aRachunek kosztów /cA. Jakubowicz. aWarszawa,c1979. cBPK apol s pl f |000 0 pol  uhttp://koha.tu.koszalin.pl/cgi-bin/koha/opac-detail.pl?biblionumber=18657yKatalog online BPK